000 00790nam a2200229Ii 4500
003 JO-AjNU
008 230605s9999||||xx |||||||||||||| ||und||
017 _a2007/15156
020 _a977-419-797-6
040 _aJO-AjNU
_bara
_erda
_cJO-AjNU
041 _aara
050 1 4 _aBP183.6 2007
100 3 _aزايد، أحمد,
_eauthor
_952801
245 0 0 _aصور من الخطاب الديني المعاصر
264 3 1 _aالقاهرة: الهيئة المصرية العامة للكتاب، 2007
300 _a238ص
_bالملاحق ص 211-238
336 _atext
_btxt
_2rdacontent
337 _aunmediated
_bn
_2rdamedia
338 _avolume
_bnc
_2rdacarrier
490 0 _aسلسلة الفكر
650 4 _aالخطابة الدينية- الدعوة الاسلامية
_952802
999 _aA23411
_c26979
_d26979